Plant resources of South-East Asia: No.7 - Bamboos

This book deals with the bamboos of South-East Asia. For centuries bamboos have been of great importance in rural communities in tropical Asia, being used intensively as a sustainable resource for numerous purposes. Bamboos are often classified as minor or non-timber forest products and their value...

وصف كامل

محفوظ في:
التفاصيل البيبلوغرافية
التنسيق: كتاب
اللغة:Undetermined
منشور في: Leiden Backhuys 1995
الموضوعات:
الوسوم: إضافة وسم
لا توجد وسوم, كن أول من يضع وسما على هذه التسجيلة!
Thư viện lưu trữ: Trung tâm Học liệu Trường Đại học Cần Thơ
LEADER 01411nam a2200157Ia 4500
001 CTU_18897
008 210402s9999 xx 000 0 und d
082 |a 634.90959 
082 |b P713/No.7 
245 0 |a Plant resources of South-East Asia: No.7 - Bamboos 
260 |a Leiden 
260 |b Backhuys 
260 |c 1995 
520 |a This book deals with the bamboos of South-East Asia. For centuries bamboos have been of great importance in rural communities in tropical Asia, being used intensively as a sustainable resource for numerous purposes. Bamboos are often classified as minor or non-timber forest products and their value or potential value has been largely underestimated. In recent years the commercialization of bamboo exploitation for commodities such as bamboo shoots, bamboo boards, chopsticks, pulp for paper manufacture, and bamboo handicrafts, has caused an increase in the demand for the raw material. This necessitates sustainable management of natural stands and the establishment of bamboo plantations. Reliable and up-to-data information, however, is scarce. In this book, 45 major bamboo species are highlighted extensively and illustrated, and the characteristics of another 30 minor species are given in brief. The introduction deals with general aspects of bamboo and a glossary explains the terms used 
650 |a bamboos 
980 |a Trung tâm Học liệu Trường Đại học Cần Thơ